Регионална библиотека "Любен Каравелов" - Русе

Песни (Запис номер 298071)

MARC детайли
000 -Лидер
Контролно поле с фиксирана дължина 01325ncm a2200301 c 4500
003 - Код на организацията, давaща контролен номер
Контролно поле BLK
005 - Дата и час на последна редакция
Контролно поле 20180422123640.0
008 - Елементи от данни с фиксирана дължина
fixed length control field 180414b bul |a|er|||| |0| c|bulo|
010 ## - Наследен системен номер
LC control number NOT00000787000
040 ## - Източник на каталожния запис
Идентификатор на билиотеката - собственик на записа BLK
041 ## - Код за език
Код за езика на текст/звукозапис или на отделно заглавие Български
Код за езика КДБФ Български
080 ## - УДК
Текстов определител УДК Сопран
УДК код - определител по УДК 78.087.612.1
УДК определител
УДК - код + определител 78.087.612.1
100 1# - Редна дума - Автор
Автор Жеков, Петър
Авторска отговорност първи автор
R(LIN) 385144
139 ## - Редно поле
Редна дума Жеков, Петър
Авторски знак Жеко - Ж 32
245 10 - Сведения за заглавието
Заглавие Песни
Подзаглавни данни Тетр. 1 - : За глас със съпровод на пиано
Редно поле (дума) Петър Жеков; текст на том Красимира Вакарелова.
Том Тетр. 1.
Заглавие на том За висок и среден глас със съпр. на пиано
257 ## - Страна на издаване
Страна на създаване/издаване България
260 ## - Област на издателските данни
-- Стара Загора
Име на издателя, разпространителя и проч. Наука и изкуство
Година на издаване Б. г.
300 ## - Физическа характеристика
Размери/Мащаб 33 см
380 ## - Жанр
Жанр Изкуство
500 ## - Общи забележки
Забележка Забележка към том: Съдържа 11 песни
700 1# - Други автори (авторска отговорност)
Лично име Вакарелова, Красимира
Автороска отговорност (Описва отношението между автора и произведението) текст на том
9 (RLIN) 388734
760 1# - Описание на основната серия
Редна дума на основното описание Жеков, Петър
Поясняваща информация 36 с.
Страници - том 36 с.
Забележка - том Съдържа 11 песни
Заглавие Тетр. 1. За висок и среден глас със съпр. на пиано
852 ## - Местоположение
Форматна сигнатура Цб М ІІ 11371
Част 0
856 4# - Електронен адрес и достъп
Електронен формат pdf - файл
Път до файла /url/
856 4# - Електронен адрес и достъп
Електронен формат pdf - файл
Път до файла /url/
942 ## - АРТИКУЛИ
Вид на библиотечния материал Нотни издания
Скрит в OPAC Не
944 ## - СЪЗДАВАНЕ И РЕДАКЦИЯ на ЗАПИСА
Създаване/Редакция Създаване
Дата на регистрацията/редакция 11.05.2005
Служител, извършил регистрацията/редакцията
944 ## - СЪЗДАВАНЕ И РЕДАКЦИЯ на ЗАПИСА
Създаване/Редакция Редакция
Дата на регистрацията/редакция 03.06.2015
Служител, извършил регистрацията/редакцията Ирена_Линкова
999 ## - СИСТЕМНИ КОНТРОЛНИ НОМЕРА
Koha biblionumber 298071
Koha biblioitemnumber 298071
Наличности
Код за отписване Код за изгубен артикул Източник на класификационната схема Код за повреда Коз за рестрикции Код за отдаване Артикулен № Име на библиотеката - собственик Име на библиотеката, в която се намира в момента Статус (Текущо местоположение) Дата на вписване в системата Местоположение - отдел Цена в лева Инвентарен номер Систематично азбучна сигнатура Баркод Номер на екземпляра Цена в евро Служебна бележка Служебен тип на артикула
  Не е изгубен Universal Decimal Classification Не е повреден без рестрикции ползва се в читалня 649066 Регионална библиотека "Любен Каравелов" Русе Регионална библиотека "Любен Каравелов" Русе Хранилище 1995-01-01 Хранилище 0.01 1884 Цб М II 11371 900000023494 1 0.01 N: стар фонд Дата: 01.01.1995 Нотни издания
Vip Innovations Ltd, Rousse, Bulgaria 2025